| 000 | 00666nam a2200157 a 4500 | ||
|---|---|---|---|
| 008 | 210303s2007 ||||||||||||||||| || u | ||
| 020 | _a9785883371423 | ||
| 050 | _aPG 2900 Kor | ||
| 100 | _aKorchagina. E.L | ||
| 245 | 1 | 0 |
_aRussian Language: successful start- successful finish _cE.L Korchagina |
| 260 |
_aMoscow _bAcademia publishers _c2007 |
||
| 300 | _a254 pages: illustrations | ||
| 500 | _aA practical book on Russian language as a foreign language for primary schools | ||
| 650 | _aRUSSIAN LITERATURE | ||
| 995 |
_FCBU-MAIN LIBRARY (Kitwe) _M1 _UAVAILABLE _WMar 3, 2021 _ZMain Library Open Access Collection |
||
| 999 |
_c56869 _d56869 |
||